| 000 | 01340cam a22003014a 4500 | ||
|---|---|---|---|
| 001 | 16608778 | ||
| 005 | 20170105102348.0 | ||
| 008 | 110112s2010 njua b 001 0 eng d | ||
| 010 | _a 2010284662 | ||
| 015 |
_aGBB075307 _2bnb |
||
| 016 | 7 |
_a015583457 _2Uk |
|
| 020 | _a9780470632017 (pbk.) | ||
| 020 | _a0470632011 (pbk.) | ||
| 035 | _a(OCoLC)ocn645673704 | ||
| 040 |
_aUKM _cUKM _dYDXCP _dC#P _dBTCTA _dYBM _dVP@ _dCDX _dDLC |
||
| 042 | _alccopycat | ||
| 082 | 0 | 4 |
_a658.452 _222 |
| 100 | 1 | _aDuarte, Nancy. | |
| 245 | 1 | 0 |
_aResonate : present visual stories that transform audiences _bpresent visual stories that transform audiences _cNancy Duarte, author of slide:ology. |
| 260 |
_aHoboken, N.J. : _bWiley, _cc2010. |
||
| 300 |
_axxi, 248 p. : _bcol. ill. ; _c23 cm. |
||
| 504 | _aIncludes bibliographical references (p. 234-236) and index. | ||
| 505 | 0 | _aWhy resonate? -- Lessons from myths and movies -- Get to know the hero -- Define the journey -- Create meaningful content -- Structure reveals insights -- Deliver something they'll always remember -- There's always room to improve -- Change your world -- Inspiration is everywhere. | |
| 650 | 0 | _aBusiness presentations. | |
| 906 |
_a7 _bcbc _ccopycat _d2 _encip _f20 _gy-gencatlg |
||
| 942 |
_2ddc _cBK |
||
| 999 |
_c11785 _d11785 |
||